Central Library OPAC University of Rajshahi

Fundamental problems in statistical mechanics III : (Record no. 71675)

MARC details
000 -LEADER
fixed length control field 00910nam a2200229 a 4500
001 - CONTROL NUMBER
control field 71675
003 - CONTROL NUMBER IDENTIFIER
rucl marc code BD-RjUL
005 - DATE AND TIME OF LATEST TRANSACTION
control field 20211209082139.0
008 - FIXED-LENGTH DATA ELEMENTS--GENERAL INFORMATION
fixed length control field 170507s1975 ne a b 100 0 eng
020 ## - INTERNATIONAL STANDARD BOOK NUMBER
International Standard Book Number 0444108297 (New York)
035 ## - SYSTEM CONTROL NUMBER
System control number (BD-RjUL)71891
040 ## - CATALOGING SOURCE
Original cataloging agency DLC
Transcribing agency DLC
Modifying agency DLC
-- BD-RjUL
Language of cataloging eng
041 ## - LANGUAGE CODE
Language code of text/sound track or separate title eng
082 00 - DEWEY DECIMAL CLASSIFICATION NUMBER
Edition number 23
Classification number 530.13
Author mark and year FUN 1975
245 10 - TITLE STATEMENT
Title Fundamental problems in statistical mechanics III :
Remainder of title proceedings of the International Summer School on Fundamental Problems in Statistical Mechanics III, Wageningen, the Netherlands, July 29- August 15, 1974 /
Statement of responsibility, etc. editor, E. G. D. Cohen.
260 ## - PUBLICATION, DISTRIBUTION, ETC. (IMPRINT)
Place of publication, distribution, etc. Amsterdam :
Name of publisher, distributor, etc. North-Holland Pub. Co. ;
Place of publication, distribution, etc. New York :
Name of publisher, distributor, etc. American Elsevier,
Date of publication, distribution, etc. 1975.
300 ## - PHYSICAL DESCRIPTION
Pagination xi, 414 p. :
Illustrations ill. ;
Size 27 cm.
504 ## - BIBLIOGRAPHY, ETC. NOTE
Bibliography, etc Includes bibliographical references.
650 #0 - SUBJECT ADDED ENTRY--TOPICAL TERM
Topical term or geographic name as entry element Statistical mechanics
General subdivision Congresses.
9 (RLIN) 212062
700 1# - ADDED ENTRY--PERSONAL NAME
Personal name Cohen, E. G. D.
942 ## - ADDED ENTRY ELEMENTS (KOHA)
Source of classification or shelving scheme Dewey Decimal Classification
Koha item type Books
Holdings
Lost status Source of classification or shelving scheme Damaged status Not for loan Collection code Permanent Location Current Location Shelving location Date acquired Source of acquisition Cost, normal purchase price Total Checkouts Full call number Date last seen Copy number Koha item type
  Dewey Decimal Classification   Not For Loan Non-fiction Central Library, University of Rajshahi Central Library, University of Rajshahi Reading Room 13/11/1980 Netherland 0.00   530.13 FUN 1975 07/05/2017 C-1 Books